<?xml version="1.0" encoding="UTF-8"?>
<collection xmlns="http://www.loc.gov/MARC21/slim">
 <record>
  <leader>04752cam a2200853   4500</leader>
  <controlfield tag="001">1633523101</controlfield>
  <controlfield tag="003">DE-627</controlfield>
  <controlfield tag="005">20240907111716.0</controlfield>
  <controlfield tag="007">tu</controlfield>
  <controlfield tag="008">950125s1994    gw |||||      00| ||ger c</controlfield>
  <datafield tag="015" ind1=" " ind2=" ">
   <subfield code="a">95,N03,0624</subfield>
   <subfield code="2">dnb</subfield>
  </datafield>
  <datafield tag="015" ind1=" " ind2=" ">
   <subfield code="a">95,A26,0950</subfield>
   <subfield code="2">dnb</subfield>
  </datafield>
  <datafield tag="016" ind1="7" ind2=" ">
   <subfield code="a">94278202X</subfield>
   <subfield code="2">DE-101</subfield>
  </datafield>
  <datafield tag="020" ind1=" " ind2=" ">
   <subfield code="a">341202693X</subfield>
   <subfield code="9">3-412-02693-X</subfield>
  </datafield>
  <datafield tag="035" ind1=" " ind2=" ">
   <subfield code="a">(DE-627)1633523101</subfield>
  </datafield>
  <datafield tag="035" ind1=" " ind2=" ">
   <subfield code="a">(DE-576)043229050</subfield>
  </datafield>
  <datafield tag="035" ind1=" " ind2=" ">
   <subfield code="a">(DE-599)DNB94278202X</subfield>
  </datafield>
  <datafield tag="035" ind1=" " ind2=" ">
   <subfield code="a">(OCoLC)844983931</subfield>
  </datafield>
  <datafield tag="035" ind1=" " ind2=" ">
   <subfield code="a">(OCoLC)33264927</subfield>
  </datafield>
  <datafield tag="035" ind1=" " ind2=" ">
   <subfield code="a">(OCoLC)231634899</subfield>
  </datafield>
  <datafield tag="040" ind1=" " ind2=" ">
   <subfield code="a">DE-627</subfield>
   <subfield code="b">ger</subfield>
   <subfield code="c">DE-627</subfield>
   <subfield code="e">rakwb</subfield>
  </datafield>
  <datafield tag="041" ind1=" " ind2=" ">
   <subfield code="a">ger</subfield>
  </datafield>
  <datafield tag="044" ind1=" " ind2=" ">
   <subfield code="c">XA-DE</subfield>
   <subfield code="c">XA-AT</subfield>
  </datafield>
  <datafield tag="050" ind1=" " ind2="0">
   <subfield code="a">NX650.A44</subfield>
  </datafield>
  <datafield tag="084" ind1=" " ind2=" ">
   <subfield code="a">51</subfield>
   <subfield code="2">sdnb</subfield>
  </datafield>
  <datafield tag="084" ind1=" " ind2=" ">
   <subfield code="a">9,10</subfield>
   <subfield code="2">ssgn</subfield>
  </datafield>
  <datafield tag="084" ind1=" " ind2=" ">
   <subfield code="a">MS 2850</subfield>
   <subfield code="2">rvk</subfield>
   <subfield code="0">(DE-625)rvk/123647:</subfield>
  </datafield>
  <datafield tag="084" ind1=" " ind2=" ">
   <subfield code="a">LH 81200</subfield>
   <subfield code="2">rvk</subfield>
   <subfield code="0">(DE-625)rvk/95149:</subfield>
  </datafield>
  <datafield tag="084" ind1=" " ind2=" ">
   <subfield code="a">EC 1876</subfield>
   <subfield code="2">rvk</subfield>
   <subfield code="0">(DE-625)rvk/20441:</subfield>
  </datafield>
  <datafield tag="084" ind1=" " ind2=" ">
   <subfield code="a">EC 3755</subfield>
   <subfield code="2">rvk</subfield>
   <subfield code="0">(DE-625)rvk/20530:</subfield>
  </datafield>
  <datafield tag="084" ind1=" " ind2=" ">
   <subfield code="a">LB 44000</subfield>
   <subfield code="2">rvk</subfield>
   <subfield code="0">(DE-625)rvk/90559:772</subfield>
  </datafield>
  <datafield tag="084" ind1=" " ind2=" ">
   <subfield code="a">17.90</subfield>
   <subfield code="2">bkl</subfield>
  </datafield>
  <datafield tag="084" ind1=" " ind2=" ">
   <subfield code="a">18.00</subfield>
   <subfield code="2">bkl</subfield>
  </datafield>
  <datafield tag="084" ind1=" " ind2=" ">
   <subfield code="a">20.25</subfield>
   <subfield code="2">bkl</subfield>
  </datafield>
  <datafield tag="084" ind1=" " ind2=" ">
   <subfield code="a">17.84</subfield>
   <subfield code="2">bkl</subfield>
  </datafield>
  <datafield tag="084" ind1=" " ind2=" ">
   <subfield code="a">71.31</subfield>
   <subfield code="2">bkl</subfield>
  </datafield>
  <datafield tag="245" ind1="1" ind2="0">
   <subfield code="a">Allegorien und Geschlechterdifferenz</subfield>
   <subfield code="c">hrsg. von Sigrid Schade ...</subfield>
  </datafield>
  <datafield tag="264" ind1=" " ind2="1">
   <subfield code="a">Köln</subfield>
   <subfield code="a">Weimar</subfield>
   <subfield code="a">Wien</subfield>
   <subfield code="b">Böhlau</subfield>
   <subfield code="c">1994</subfield>
  </datafield>
  <datafield tag="300" ind1=" " ind2=" ">
   <subfield code="a">VI, 244, [32] S.</subfield>
   <subfield code="b">Ill.</subfield>
  </datafield>
  <datafield tag="336" ind1=" " ind2=" ">
   <subfield code="a">Text</subfield>
   <subfield code="b">txt</subfield>
   <subfield code="2">rdacontent</subfield>
  </datafield>
  <datafield tag="337" ind1=" " ind2=" ">
   <subfield code="a">ohne Hilfsmittel zu benutzen</subfield>
   <subfield code="b">n</subfield>
   <subfield code="2">rdamedia</subfield>
  </datafield>
  <datafield tag="338" ind1=" " ind2=" ">
   <subfield code="a">Band</subfield>
   <subfield code="b">nc</subfield>
   <subfield code="2">rdacarrier</subfield>
  </datafield>
  <datafield tag="490" ind1="1" ind2=" ">
   <subfield code="a">Literatur, Kultur, Geschlecht</subfield>
   <subfield code="a">Große Reihe</subfield>
   <subfield code="v">3</subfield>
  </datafield>
  <datafield tag="505" ind1="8" ind2="0">
   <subfield code="a">Literaturverz. S. [233] - 238</subfield>
  </datafield>
  <datafield tag="583" ind1="1" ind2=" ">
   <subfield code="a">Archivierung/Langzeitarchivierung gewährleistet</subfield>
   <subfield code="f">SSG</subfield>
   <subfield code="x">XA-DE-BW</subfield>
   <subfield code="2">pdager</subfield>
   <subfield code="5">DE-16</subfield>
  </datafield>
  <datafield tag="653" ind1=" " ind2="0">
   <subfield code="a">Allegories</subfield>
  </datafield>
  <datafield tag="653" ind1=" " ind2="0">
   <subfield code="a">Symbolism in art</subfield>
  </datafield>
  <datafield tag="655" ind1=" " ind2="7">
   <subfield code="a">Konferenzschrift</subfield>
   <subfield code="y">1991</subfield>
   <subfield code="z">Essen</subfield>
   <subfield code="0">(DE-588)1071861417</subfield>
   <subfield code="0">(DE-627)826484824</subfield>
   <subfield code="0">(DE-576)433375485</subfield>
   <subfield code="2">gnd-content</subfield>
  </datafield>
  <datafield tag="689" ind1="0" ind2="0">
   <subfield code="d">s</subfield>
   <subfield code="0">(DE-588)4001236-0</subfield>
   <subfield code="0">(DE-627)104509732</subfield>
   <subfield code="0">(DE-576)208841814</subfield>
   <subfield code="a">Allegorie</subfield>
   <subfield code="2">gnd</subfield>
  </datafield>
  <datafield tag="689" ind1="0" ind2="1">
   <subfield code="d">s</subfield>
   <subfield code="0">(DE-588)4137718-7</subfield>
   <subfield code="0">(DE-627)105647950</subfield>
   <subfield code="0">(DE-576)209679972</subfield>
   <subfield code="a">Körperbild</subfield>
   <subfield code="2">gnd</subfield>
  </datafield>
  <datafield tag="689" ind1="0" ind2="2">
   <subfield code="d">s</subfield>
   <subfield code="0">(DE-588)4071781-1</subfield>
   <subfield code="0">(DE-627)104516690</subfield>
   <subfield code="0">(DE-576)209184892</subfield>
   <subfield code="a">Geschlechtsunterschied</subfield>
   <subfield code="2">gnd</subfield>
  </datafield>
  <datafield tag="689" ind1="0" ind2=" ">
   <subfield code="5">DE-101</subfield>
  </datafield>
  <datafield tag="700" ind1="1" ind2=" ">
   <subfield code="a">Schade, Sigrid</subfield>
   <subfield code="d">1954-</subfield>
   <subfield code="e">Hrsg.</subfield>
   <subfield code="0">(DE-588)172354897</subfield>
   <subfield code="0">(DE-627)673391388</subfield>
   <subfield code="0">(DE-576)162876343</subfield>
   <subfield code="4">edt</subfield>
  </datafield>
  <datafield tag="787" ind1="0" ind2="8">
   <subfield code="i">Rezension</subfield>
   <subfield code="a">Schoch-Joswig, Brigitte</subfield>
   <subfield code="t">Allegorien und Geschlechterdifferenz</subfield>
   <subfield code="d">1995</subfield>
   <subfield code="w">(DE-627)1469214962</subfield>
   <subfield code="w">(DE-576)399214968</subfield>
  </datafield>
  <datafield tag="830" ind1=" " ind2="0">
   <subfield code="a">Literatur, Kultur, Geschlecht / Große Reihe</subfield>
   <subfield code="v">3</subfield>
   <subfield code="9">3</subfield>
   <subfield code="w">(DE-627)249929414</subfield>
   <subfield code="w">(DE-576)040362442</subfield>
   <subfield code="w">(DE-600)1447010-X</subfield>
   <subfield code="7">ns</subfield>
  </datafield>
  <datafield tag="889" ind1=" " ind2=" ">
   <subfield code="w">(DE-627)185181287</subfield>
  </datafield>
  <datafield tag="889" ind1=" " ind2=" ">
   <subfield code="w">(DE-627)18033428X</subfield>
  </datafield>
  <datafield tag="935" ind1=" " ind2=" ">
   <subfield code="i">mdedup</subfield>
  </datafield>
  <datafield tag="936" ind1="r" ind2="v">
   <subfield code="a">MS 2850</subfield>
   <subfield code="b">Geschlechterrolle und Sexualverhalten</subfield>
   <subfield code="k">Soziologie</subfield>
   <subfield code="k">Spezielle Soziologien</subfield>
   <subfield code="k">Soziologische Geschlechterforschung (Gender Studies)</subfield>
   <subfield code="k">Geschlechterrolle und Sexualverhalten</subfield>
   <subfield code="0">(DE-627)1271156059</subfield>
   <subfield code="0">(DE-625)rvk/123647:</subfield>
   <subfield code="0">(DE-576)201156059</subfield>
  </datafield>
  <datafield tag="936" ind1="r" ind2="v">
   <subfield code="a">LH 81200</subfield>
   <subfield code="b">Allgemein</subfield>
   <subfield code="k">Kunstgeschichte</subfield>
   <subfield code="k">Allgemeines. Allgemeine Kunstgeschichte</subfield>
   <subfield code="k">Kunstgeschichte einzelner Gattungen der Kunst</subfield>
   <subfield code="k">Ikonographie, Ikonologie</subfield>
   <subfield code="k">Allegorie und Symbol</subfield>
   <subfield code="k">Allgemein</subfield>
   <subfield code="0">(DE-627)1271119528</subfield>
   <subfield code="0">(DE-625)rvk/95149:</subfield>
   <subfield code="0">(DE-576)201119528</subfield>
  </datafield>
  <datafield tag="936" ind1="r" ind2="v">
   <subfield code="a">EC 1876</subfield>
   <subfield code="b">Geschlechterforschung (Gender Studies / Queer Studies)</subfield>
   <subfield code="k">Allgemeine und vergleichende Sprach- und Literaturwissenschaft. Indogermanistik. Außereuropäische Sprachen und Literaturen</subfield>
   <subfield code="k">Allgemeine und vergleichende Literaturwissenschaft.</subfield>
   <subfield code="k">Literaturtheorie, Literaturphilosophie, Literaturästhetik</subfield>
   <subfield code="k">Geschlechterforschung (Gender Studies / Queer Studies)</subfield>
   <subfield code="0">(DE-627)1272676889</subfield>
   <subfield code="0">(DE-625)rvk/20441:</subfield>
   <subfield code="0">(DE-576)202676889</subfield>
  </datafield>
  <datafield tag="936" ind1="r" ind2="v">
   <subfield code="a">EC 3755</subfield>
   <subfield code="b">Allegorie</subfield>
   <subfield code="k">Allgemeine und vergleichende Sprach- und Literaturwissenschaft. Indogermanistik. Außereuropäische Sprachen und Literaturen</subfield>
   <subfield code="k">Allgemeine und vergleichende Literaturwissenschaft.</subfield>
   <subfield code="k">Poetik</subfield>
   <subfield code="k">Stilistik</subfield>
   <subfield code="k">Einzelne Stilmittel</subfield>
   <subfield code="k">Bildersprache</subfield>
   <subfield code="k">Allegorie</subfield>
   <subfield code="0">(DE-627)1270749544</subfield>
   <subfield code="0">(DE-625)rvk/20530:</subfield>
   <subfield code="0">(DE-576)200749544</subfield>
  </datafield>
  <datafield tag="936" ind1="r" ind2="v">
   <subfield code="a">LB 44000</subfield>
   <subfield code="b">Darstellung ohne geografischen Bezug</subfield>
   <subfield code="k">Sozial- und Kulturanthropologie. Empirische Kulturwissenschaft</subfield>
   <subfield code="k">Soziale und politische Organisation und Praxis</subfield>
   <subfield code="k">Ethnologische Geschlechter- und Sexualitätsforschung</subfield>
   <subfield code="k">Darstellung ohne geografischen Bezug</subfield>
   <subfield code="0">(DE-627)1271484374</subfield>
   <subfield code="0">(DE-625)rvk/90559:772</subfield>
   <subfield code="0">(DE-576)201484374</subfield>
  </datafield>
  <datafield tag="936" ind1="b" ind2="k">
   <subfield code="a">17.90</subfield>
   <subfield code="j">Literatur in Beziehung zu anderen Bereichen von Wissenschaft und Kultur</subfield>
   <subfield code="0">(DE-627)106404385</subfield>
  </datafield>
  <datafield tag="936" ind1="b" ind2="k">
   <subfield code="a">18.00</subfield>
   <subfield code="j">Einzelne Sprachen und Literaturen allgemein</subfield>
   <subfield code="0">(DE-627)106405403</subfield>
  </datafield>
  <datafield tag="936" ind1="b" ind2="k">
   <subfield code="a">20.25</subfield>
   <subfield code="j">Abstraktes</subfield>
   <subfield code="x">Ikonographie</subfield>
   <subfield code="0">(DE-627)106406329</subfield>
  </datafield>
  <datafield tag="936" ind1="b" ind2="k">
   <subfield code="a">17.84</subfield>
   <subfield code="j">Sonstige literarische Gattungen</subfield>
   <subfield code="0">(DE-627)181571692</subfield>
  </datafield>
  <datafield tag="936" ind1="b" ind2="k">
   <subfield code="a">71.31</subfield>
   <subfield code="j">Geschlechter und ihr Verhalten</subfield>
   <subfield code="0">(DE-627)106412655</subfield>
  </datafield>
  <datafield tag="951" ind1=" " ind2=" ">
   <subfield code="a">BO</subfield>
  </datafield>
  <datafield tag="990" ind1=" " ind2=" ">
   <subfield code="a">Allegorie</subfield>
  </datafield>
  <datafield tag="990" ind1=" " ind2=" ">
   <subfield code="a">Körperbild</subfield>
  </datafield>
  <datafield tag="990" ind1=" " ind2=" ">
   <subfield code="a">Geschlechtsunterschied</subfield>
  </datafield>
  <datafield tag="991" ind1=" " ind2=" ">
   <subfield code="a">Rezensiertes Werk</subfield>
  </datafield>
  <datafield tag="999" ind1=" " ind2=" ">
   <subfield code="a">KXP-PPN1633523101</subfield>
   <subfield code="e">4020433879</subfield>
  </datafield>
 </record>
</collection>
